000 00382nam a2200145Ia 4500
005 20251222153610.0
008 251222s9999||||xx |||||||||||||| ||spa||
020 _a9786074818307
082 _a658.406.3/S59
100 _aSkarzynski, Peter
245 0 _aInnovación en el ADN de la Organización:
250 _a6ta. ed.
264 _bCengage Learing Editores, S.A.
942 _cLIB
999 _c31565
_d31565